[Event "Ukraine Championship-2017 U20 (Boys) B"]
[Site "Lviv"]
[Date "2017.03.02"]
[Round "9.4"]
[White "Polulikh, Bogdan"]
[Black "Peng, Li Min"]
[Result "1/2-1/2"]
[WhiteElo "2182"]
[BlackElo "2327"]
[PlyCount "123"]
[EventDate "2017.03.02"]
[EventRounds "9"]
[EventCountry "UKR"]

1. d4 g6 2. Nf3 Bg7 3. Bf4 d6 4. h3 Nf6 5. e3 O-O 6. Be2 Nfd7 7. O-O Nc6 8.
Nbd2 e5 9. Bg5 f6 10. Bh4 g5 11. Bg3 f5 12. dxe5 Ndxe5 13. Bxe5 Nxe5 14. Nxe5
Bxe5 15. c3 Be6 16. Bc4 d5 17. Bb3 g4 18. hxg4 fxg4 19. g3 h5 20. Ne4 c6 21.
Nc5 Bf7 22. Qd3 Qd6 23. Bc2 Rfe8 24. Qh7+ Kf8 25. Nxb7 Qf6 26. Nc5 Rad8 27. Qf5
Qe7 28. Nd3 Bg7 29. Nf4 Rd6 30. Nxh5 Rh6 31. Nxg7 Kxg7 32. Qxg4+ Kh8 33. Qf4
Qe6 34. Bf5 Qf6 35. Qd4 c5 36. Qxf6+ Rxf6 37. Bh3 Bh5 38. Bg2 Rd6 39. Rfe1 Kg7
40. f3 Kf6 41. g4 Bg6 42. Rad1 d4 43. exd4 Rxe1+ 44. Rxe1 cxd4 45. cxd4 Rxd4
46. Re2 Rd1+ 47. Kf2 Bd3 48. Re8 Bc4 49. b3 Bf7 50. Ra8 Rd2+ 51. Kg3 Rxa2 52.
Bf1 Bxb3 53. f4 Bd5 54. g5+ Ke7 55. Rh8 Ra3+ 56. Kh4 Rf3 57. Bg2 Rxf4+ 58. Kg3
Rf5 59. Rh7+ Kf8 60. Bxd5 Rxg5+ 61. Kf4 Rxd5 62. Rxa7 1/2-1/2

[Event "Ukraine Championship-2017 U20 (Boys) B"]
[Site "Lviv"]
[Date "2017.03.02"]
[Round "9.5"]
[White "Kazakov, Maksym"]
[Black "Yaremenko, Roman"]
[Result "0-1"]
[WhiteElo "2137"]
[BlackElo "2226"]
[PlyCount "138"]
[EventDate "2017.03.02"]
[EventRounds "9"]
[EventCountry "UKR"]

1. c4 e6 2. g3 d5 3. d4 Nf6 4. Nf3 Be7 5. Bg2 O-O 6. O-O c6 7. Qc2 Nbd7 8. Nbd2
b6 9. e4 Ba6 10. e5 Ne8 11. b3 Rc8 12. Re1 Nc7 13. a4 c5 14. a5 b5 15. dxc5
Nxc5 16. b4 Nb7 17. c5 Qe8 18. Nd4 Nd8 19. f4 Bb7 20. f5 exf5 21. Nxf5 Nde6 22.
Nd6 Bxd6 23. exd6 Na6 24. Qb3 Qd7 25. Bb2 Rfe8 26. Nf3 f6 27. Bh3 Qf7 28. Nd4
Nxd4 29. Bxd4 Rcd8 30. Qc3 Bc6 31. Rxe8+ Rxe8 32. Re1 Nb8 33. Re3 Nd7 34. Qe1
Rxe3 35. Qxe3 Kf8 36. Be6 Qe8 37. g4 Ne5 38. Bf5 g6 39. Bc2 Nxg4 40. Qxe8+ Kxe8
41. Kg2 Ne5 42. Kg3 Kf7 43. Kf4 Ke6 44. Bd1 Nd3+ 45. Ke3 Nxb4 46. Bg4+ f5 47.
Bh3 Nc2+ 48. Kd3 Nxd4 49. Kxd4 g5 50. Bg2 h5 51. a6 b4 52. Bf3 g4 53. Bd1 f4
54. Bb3 f3 55. Ke3 Ke5 56. Kf2 Kd4 57. Bxd5 Kxd5 58. Kg3 Kxc5 59. d7 Bxd7 60.
Kf2 Kd4 61. Kg3 Ke3 62. Kh4 f2 63. Kg5 f1=Q 64. Kg6 Qf5+ 65. Kg7 Qe6 66. h4 Be8
67. Kh8 Qe7 68. Kg8 Bg6 69. Kh8 Qh7# 0-1

[Event "Ukraine Championship-2017 U20 (Boys) B"]
[Site "Lviv"]
[Date "2017.03.02"]
[Round "9.6"]
[White "Vetoshko, Volodymyr"]
[Black "Vachylya, Andriy"]
[Result "1-0"]
[WhiteElo "2418"]
[BlackElo "2242"]
[PlyCount "93"]
[EventDate "2017.03.02"]
[EventRounds "9"]
[EventCountry "UKR"]

1. e4 c5 2. Nf3 d6 3. d4 cxd4 4. Nxd4 Nf6 5. f3 e5 6. Nb3 Be6 7. c4 Be7 8. Be3
O-O 9. Nc3 Nbd7 10. Be2 Rc8 11. Nd5 Bxd5 12. cxd5 a6 13. Qd2 Qc7 14. Rc1 Qb8
15. O-O Nh5 16. g3 g6 17. Qb4 Rxc1 18. Rxc1 Rc8 19. Na5 Rxc1+ 20. Bxc1 Qc7 21.
Qc3 Qxc3 22. bxc3 b5 23. Nc6 Kf8 24. c4 bxc4 25. Bxc4 a5 26. Nxa5 Bd8 27. Nc6
Bb6+ 28. Kf1 f5 29. a4 Bc7 30. a5 Nb8 31. a6 Nxa6 32. Bxa6 fxe4 33. fxe4 Nf6
34. Bd3 Bb6 35. Ba3 Bc7 36. Ke2 Ke8 37. Na7 Kd7 38. Nb5 Bb8 39. Bc2 Ng4 40. h3
Nf6 41. Kf3 Ne8 42. Ba4 Ke7 43. Bc1 Kf7 44. Be3 Nf6 45. Ba7 Bxa7 46. Nxa7 Ke7
47. Nc8+ 1-0